| 000 | 00000nam##2200000za#4500 |
| 001 | 9.642330 |
| 003 | CaOODSP |
| 005 | 20240501092931 |
| 007 | cr ||||||||||| |
| 008 | 150407|2010||||xxc|||||o f|0| 0 fre|d |
| 040 | |aCaOODSP|bfre |
| 043 | |an-cn--- |
| 086 | 1 |aPS84-31/2010F-PDF |
| 110 | 2 |aService correctionnel Canada. |
| 245 | 10|aRapport d'évaluation - Programme communautaire de maintien des acquis / |h[ressource électronique]|c[par] Direction de l'évaluation, Secteur des politiques. |
| 260 | |aOttawa - Ontario : |bService correctionnel Canada |cJuin 2010. |
| 300 | |a107p.|bfigures, références, tableaux |
| 590 | |a13-18-Supp|b2013-08-01 |
| 691 | 07|aDéveloppement communautaire|2gcpds |
| 775 | 08|tEvaluation report - Community Maintenance Program / |w(CaOODSP)9.698317 |
| 856 | 40|ahttp://publications.gc.ca|qPDF|s1.34 Mo|uhttps://publications.gc.ca/collections/collection_2013/scc-csc/PS84-31-2010-fra.pdf |
| 986 | |aDossier n° 394-2-45 |